000 00485cam a2200181ua 4500
001 6956
008 141117n ii |||gr||||Z||||||eng
020 _a8183243657
040 _cMAIN
041 _aeng
082 _a330
100 _aRoy (Datta), Muwsume Bose,
_eAuthor.
245 1 _aWomen in handicrafts industry :
_bA study of Sikkim /
_c Mowsume Bose Roy (Datta) .
250 _a1st.
260 _aNew Delhi:
_bMittal publications,
_c2012.
300 _axi,298p.
942 _cBK
999 _c6098
_d6098